00294nam a2200133Ia 4500003000400000005001700004008004100021020001800062040000900080100002100089245002400110260001700134260000900151OSt20240203115639.0170524s9999 xx 000 0 und d a9788110035280 cIIMT aNathaniel - R.S. 0aCatering Management bSurjeet Pub. c1987